000
00289nam a2200121Ia 4500
008
191201s2010 xx 000 0 und d
100
_a
KUMAR,Rajendra
245
0
_a
Computer Graphics BCA-302 SEM-5
260
_a
N. Delhi
_b
Vikas Pub
_c
2010
300
_a
276
650
_a
MCA
942
_2
ddc
_c
BK
999
_c
239
_d
239